| 000 | 00841nam a22002297a 4500 | ||
|---|---|---|---|
| 001 | 5809 | ||
| 003 | FISKH | ||
| 005 | 20250123095241.0 | ||
| 008 | 250123b cb ||||| |||| 00| 0 eng d | ||
| 020 | _a0528835777 | ||
| 040 |
_aFISKH _beng _cFISKH _dFISKH |
||
| 050 | _aG1021.R165 | ||
| 082 | _a912 | ||
| 100 | _aAdelman, Elizabeth Fagan | ||
| 245 |
_aDiscovery Atlas of the world / _cby Elizabeth Fagan Adelman |
||
| 260 |
_aChicago : _bRand McNally , _c1993. |
||
| 300 |
_a61 pages : _bcolor illustrations , maps ; _c28 cm . |
||
| 520 | _aFeatures twenty-five pictorial maps showing terrain, animals, people, cities, and countries for each continent. Also includes illustrations of the characteristics of the regions. | ||
| 650 |
_areference-atlases _vnon-fiction |
||
| 700 |
_aLeverenz, Jon M. _eExcecutive editor |
||
| 942 |
_2ddc _cBK _n0 |
||
| 999 |
_c5809 _d5809 |
||